00765cas a22002294i 4500952009000000999001700090001001000107003001000117005001700127008004100144022001400185040004100199041000800240100002600248242003900274245003000313300004800343546002200391650002600413773008800439942000800527 001040708HEMaFUSBCbFUSBCd2016-01-26l0o r2016-01-26 00:00:00w2016-01-26yANA c57492d57492768714001CO-MdFUSB20190202100447.0180525s1997 xxu||||| |||| 00| 0 eng d a1023-7380 aCO-MdFUSBbspacCO-MdFUSBdCO-MdFUSB aeng1 aGobena, Iteffaeautor00aPlantación de iglesias etíopes00aEthiopian church planting aNúmero 81 (1997) páginas 14-15c: 30 cm aTexto en inglés 0aEvangelización93620 tWorld Evangelization049484961017gNúmero 81 (1997) páginas 14-15qPágina 14 cANA